| 000 | 00722nam a22002057a 4500 | ||
|---|---|---|---|
| 999 |
_c19405 _d19405 |
||
| 003 | AR-CdUCM | ||
| 008 | 190517b ||||| |||| 00| 0 spa d | ||
| 040 |
_aMUNICIPALIDAD PROVINCIAL DEL CUSCO _cBIBLIOTECA MUNICIPAL DEL CUSCO |
||
| 082 |
_22ed. _a348.6 / _bE39 |
||
| 100 |
_aAparicio, Ricardo Elias _940730 |
||
| 245 | _aSíntesis de doctrina y legislación del trabajo en el Perú / | ||
| 260 |
_aLima : _bVillanueva, _c1962. |
||
| 300 |
_a311 páginas ; _c22 cm. |
||
| 505 | _aContenido: Contrato individual del trabajo -- Condiciones generales de trabajo -- Salarios ... | ||
| 650 |
_atrabajo _94726 |
||
| 650 |
_aContratos _98317 |
||
| 650 |
_aBeneficios _935996 |
||
| 942 |
_2ddc _cLIBROS |
||
| 945 |
_arah _d2019-05-17 |
||